MARC details
| 000 -LEADER |
| fixed length control field |
01472cam a2200361 a 4500 |
| 001 - CONTROL NUMBER |
| control field |
13865176 |
| 003 - CONTROL NUMBER IDENTIFIER |
| control field |
OSt |
| 005 - DATE AND TIME OF LATEST TRANSACTION |
| control field |
20250228073949.0 |
| 008 - FIXED-LENGTH DATA ELEMENTS--GENERAL INFORMATION |
| fixed length control field |
050209r20051972flu 000 1 eng |
| 010 ## - LIBRARY OF CONGRESS CONTROL NUMBER |
| LC control number |
2005040354 |
| 020 ## - INTERNATIONAL STANDARD BOOK NUMBER |
| International Standard Book Number |
0156031604 |
| 020 ## - INTERNATIONAL STANDARD BOOK NUMBER |
| International Standard Book Number |
9780156031608 |
| 040 ## - CATALOGING SOURCE |
| Original cataloging agency |
DLC |
| Transcribing agency |
DLC |
| Modifying agency |
DLC |
| 041 1# - LANGUAGE CODE |
| Language code of text/sound track or separate title |
eng |
| Language code of original |
heb |
| 042 ## - AUTHENTICATION CODE |
| Authentication code |
pcc |
| 050 00 - LIBRARY OF CONGRESS CALL NUMBER |
| Classification number |
PJ5054.O9 |
| Item number |
M513 2005 |
| 082 00 - DEWEY DECIMAL CLASSIFICATION NUMBER |
| Classification number |
892.4/36 |
| Edition number |
22 |
| 100 1# - MAIN ENTRY--PERSONAL NAME |
| Personal name |
Oz, Amos, |
| Dates associated with a name |
1939-2018. |
| 240 10 - UNIFORM TITLE |
| Uniform title |
<a href="Mikhaʾel sheli.">Mikhaʾel sheli.</a> |
| Language of a work |
English |
| 245 10 - TITLE STATEMENT |
| Title |
My Michael / |
| Statement of responsibility, etc. |
Amos Oz ; translated from the Hebrew by Nicholas de Lange in collaboration with the author. |
| 250 ## - EDITION STATEMENT |
| Edition statement |
1st Harvest ed. |
| 260 ## - PUBLICATION, DISTRIBUTION, ETC. (IMPRINT) |
| Place of publication, distribution, etc. |
Orlando, FL : |
| Name of publisher, distributor, etc. |
Harcourt, |
| Date of publication, distribution, etc. |
2005. |
| 300 ## - PHYSICAL DESCRIPTION |
| Extent |
253 p. ; |
| Dimensions |
21 cm. |
| 490 0# - SERIES STATEMENT |
| Series statement |
A Harvest book |
| 500 ## - GENERAL NOTE |
| General note |
Originally published: London : Chatto & Windus, 1972. |
| 700 1# - ADDED ENTRY--PERSONAL NAME |
| Personal name |
De Lange, N. R. M. |
| Fuller form of name |
(Nicholas Robert Michael), |
| Dates associated with a name |
1944- |
| 856 42 - ELECTRONIC LOCATION AND ACCESS |
| Materials specified |
Contributor biographical information |
| Uniform Resource Identifier |
<a href="http://www.loc.gov/catdir/enhancements/fy0623/2005040354-b.html">http://www.loc.gov/catdir/enhancements/fy0623/2005040354-b.html</a> |
| 856 42 - ELECTRONIC LOCATION AND ACCESS |
| Materials specified |
Publisher description |
| Uniform Resource Identifier |
<a href="http://www.loc.gov/catdir/enhancements/fy0623/2005040354-d.html">http://www.loc.gov/catdir/enhancements/fy0623/2005040354-d.html</a> |
| 856 41 - ELECTRONIC LOCATION AND ACCESS |
| Materials specified |
Sample text |
| Uniform Resource Identifier |
<a href="http://www.loc.gov/catdir/enhancements/fy0642/2005040354-s.html">http://www.loc.gov/catdir/enhancements/fy0642/2005040354-s.html</a> |
| 906 ## - LOCAL DATA ELEMENT F, LDF (RLIN) |
| a |
7 |
| b |
cbc |
| c |
orignew |
| d |
1 |
| e |
ocip |
| f |
20 |
| g |
y-gencatlg |
| 942 ## - ADDED ENTRY ELEMENTS (KOHA) |
| Koha item type |
Libro/Book |